Vermes / (Record no. 27746)
[ view plain ]
| 000 -LEADER | |
|---|---|
| fixed length control field | 00790nam a22002537a 4500 |
| 001 - CONTROL NUMBER | |
| control field | 27746 |
| 003 - CONTROL NUMBER IDENTIFIER | |
| rucl marc code | BD-RjUL |
| 005 - DATE AND TIME OF LATEST TRANSACTION | |
| control field | 20211209051209.0 |
| 008 - FIXED-LENGTH DATA ELEMENTS--GENERAL INFORMATION | |
| fixed length control field | 140327b1976 u ||||| |||| 001 0 eng d |
| 035 ## - SYSTEM CONTROL NUMBER | |
| System control number | (BD-RjUL)27825 |
| 040 ## - CATALOGING SOURCE | |
| Original cataloging agency | BD-RjUL |
| Language of cataloging | eng |
| Transcribing agency | BD-RjUL |
| 041 ## - LANGUAGE CODE | |
| Language code of text/sound track or separate title | eng |
| 082 ## - DEWEY DECIMAL CLASSIFICATION NUMBER | |
| Classification number | 016.592 |
| Author mark and year | ZOO 1976 |
| 110 1# - MAIN ENTRY--CORPORATE NAME | |
| Corporate name or jurisdiction name as entry element | Zoological Society of London |
| 9 (RLIN) | 219686 |
| 245 10 - TITLE STATEMENT | |
| Title | Vermes / |
| Statement of responsibility, etc. | Compiled by Zoological Society of London ; editor: H. Gwynne Vevers |
| 246 ## - VARYING FORM OF TITLE | |
| Title proper/short title | The Zoological Record: Volume 110: 1973 |
| 260 ## - PUBLICATION, DISTRIBUTION, ETC. (IMPRINT) | |
| Place of publication, distribution, etc. | London : |
| Name of publisher, distributor, etc. | zoological society of London, |
| Date of publication, distribution, etc. | 1976 |
| 300 ## - PHYSICAL DESCRIPTION | |
| Pagination | v. ; |
| Size | 32 cm. |
| 504 ## - BIBLIOGRAPHY, ETC. NOTE | |
| Bibliography, etc | includes index |
| 505 1# - FORMATTED CONTENTS NOTE | |
| Formatted contents note | Vol. 110, Pt-B(Section 6) -- |
| 650 ## - SUBJECT ADDED ENTRY--TOPICAL TERM | |
| Topical term or geographic name as entry element | Zoology |
| Form subdivision | Bibliography |
| 9 (RLIN) | 219687 |
| 700 ## - ADDED ENTRY--PERSONAL NAME | |
| Personal name | Vevers, H. Gwynne, ed. |
| 942 ## - ADDED ENTRY ELEMENTS (KOHA) | |
| Source of classification or shelving scheme | Dewey Decimal Classification |
| Koha item type | Reference |
| Lost status | Source of classification or shelving scheme | Damaged status | Not for loan | Collection code | Permanent Location | Current Location | Shelving location | Date acquired | Source of acquisition | Cost, normal purchase price | Total Checkouts | Full call number | Date last seen | Copy number | Koha item type |
|---|---|---|---|---|---|---|---|---|---|---|---|---|---|---|---|
| Dewey Decimal Classification | Not For Loan | Non-fiction | Central Library, University of Rajshahi | Central Library, University of Rajshahi | 11/08/1979 | W. Heffers & Sons | 37.00 | R 016.592 ZOV V-110(Pt-B) Sec-6(1976) | 27/03/2014 | C-1 | Reference |